Stylistic Devices - Statistics

General Stats
  • This quiz has been taken 33 times
  • The average score is 6 of 12
Answer Stats
Hint Answer % Correct
personification her pen danced over the paper as she wrote her signature
76%
hyperbole I'm so tired, I'm gonna sleep for a whole week
76%
alliteration through thorough thought
71%
pun why don't ants go to church? because they're insects
67%
onomatopeia I just heard a loud boom, then my ears started ringing
62%
antithesis the higher you jump, the deeper you'll fall
52%
anaphora today is the day, today I'll finish, today will mark the end of my journey
52%
simile as good as new
38%
understatement nothing happened
38%
euphemism 'tis but a scratch
29%
metaphor his worldview was shattered like a glass pane struck by a football
24%
ellipsis he came, saw and conquered
19%
No matching quizzes found
Score Distribution
Percent of People with Each Score
Percentile by Number Answered
Your Score History
You have not taken this quiz